| 000 | 00507nam a2200181Ia 4500 | ||
|---|---|---|---|
| 008 | 100920s9999 xx 000 0 und d | ||
| 082 |
_b23896 _a4 थ 37 |
||
| 100 | _aRAYMOND ERNEST. | ||
| 245 | _aTHROUGH LITERATURE TO LIFE. | ||
| 260 |
_bCASSELL AND COMPANY ,LTD ,LONDON. _c1937 |
||
| 300 |
_a253 _bसाधी |
||
| 365 | _b0 | ||
| 520 | _aई. एल.डी. | ||
| 630 | _aTHROUGH LITERATURE TO LIFE. | ||
| 650 | _aई. एल.डी. | ||
| 730 | _aTHROUGH LITERATURE TO LIFE. | ||
| 942 | _cBOOK | ||
| 999 |
_c682555 _d682552 |
||